• 首页
  • 本馆介绍
  • 公告通知
  • 最新文献
  • 馆藏检索
  • 电子资源
  • 读者导购
  • 参考咨询
  • 我的图书馆
  • 登录
  • 详细信息显示
  • 放入我的书架
  • 预约/预借图书
  • 作者相关作品
  • 分类相关作品
  • 丛书相关作品
  • 出版社相关作品

书目信息

  • 表格格式
  • 工作单格式
  • 卡片格式
题名:
铝合金挤压工模具技术
    
 
作者: 刘静安 , 黄凯 , 谭炽东 编著
分册:  
出版信息: 北京   冶金工业出版社  2009
页数: 309页
开本: 21cm
丛书名: 现代铝加工生产技术丛书
单 册:
中图分类: TG375
科图分类:
主题词: 铝合金--挤压模 , 铝合金 , 挤压模
电子资源:
ISBN: 978-7-5024-4872-1
000 01044nam0 2200301 450
001 3530
005 20160926154015.78
010    @a978-7-5024-4872-1@b平装@dCNY35.00
090    @aTG37@blja
096    @aTG37@blja
100    @a20090703d2009 em y0chiy50 ea
101 0  @achi
102    @aCN@b110000
105    @aa z 000yy
200 1  @a铝合金挤压工模具技术@9lv he jin ji ya gong mo ju ji shu@b专著@f刘静安,黄凯,谭炽东编著
210    @a北京@c冶金工业出版社@d2009
215    @a309页@c图@d21cm
225 2  @a现代铝加工生产技术丛书
330    @a本书详细介绍和系统论述了铝合金挤压工模具的工作原理、分类及组装形式、材料选择、设计步骤与方法、结构与尺寸优化、强度校核方法、工模具制造技术与设备以及工模具的使用、维护与科学管理等。
606 0  @a铝合金@x挤压模
606 0  @a铝合金
606 0  @a挤压模
690    @aTG375@v4
701    @a刘静安@f(1942?~)@9liu jing an@4编著
701    @a黄凯@9huang kai@4编著
701    @a谭炽东@c(模具)@9tan chi dong@4编著
801  0 @aCN@b唐山师范学院图书馆@c20151001
905    @aZUCC@dTG375@e14
    
    铝合金挤压工模具技术/刘静安,黄凯,谭炽东编著.-北京:冶金工业出版社,2009
    309页:图;21cm.-(现代铝加工生产技术丛书)
    
    
    ISBN 978-7-5024-4872-1(平装):CNY35.00
    本书详细介绍和系统论述了铝合金挤压工模具的工作原理、分类及组装形式、材料选择、设计步骤与方法、结构与尺寸优化、强度校核方法、工模具制造技术与设备以及工模具的使用、维护与科学管理等。
●
相关链接 在E读中查询图书 在五车中查询图书 在当当中查询图书 在豆瓣中查询图书


正题名:铝合金挤压工模具技术     索取号:TG375/14         预约/预借

序号 登录号 条形码 馆藏地/架位号 状态 备注
1 905755   209057553   第二样本阅览室/ [索取号:TG375/14] 在馆    
2 905756   209057562   第三借阅区/ [索取号:TG375/14] 在馆    
3 905757   209057571   第三借阅区/ [索取号:TG375/14] 在馆    
4 905758   209057580   第三借阅区/ [索取号:TG375/14] 在馆    
唐山师范学院图书馆 欢迎您!
大连网信软件有限公司© 版权所有